Γλυκό πουλί της νιότης : τρεις πράξεις, πέντε εικόνες

Saved in:
Bibliographic Details
Main Author: Williams, Tennessee, 1911-1983
Other Authors: Πλωρίτης, Μάριος, 1919-2006 (Translator)
Format: Book
Language:Greek
English
Published: Αθήνα : Δωδώνη, 1990.
Series:Παγκόσμιο θέατρο (Εκδόσεις Δωδώνη) 107
Subjects:
Tags: Add Tag
No Tags, Be the first to tag this record!

MARC

LEADER 00000cam a2200000 i 4500
001 1/73408
008 980605s1990 gr | ||| |||| ||gre||
020 |a 9602480122 
035 |l 10031508 
040 |a GR-MyUa   |b gre  |e AACR2  
041 1 |a gre  |h eng 
082 7 |a 812.54   |2 (22)  
100 1 |a Williams, Tennessee,   |d 1911-1983. 
245 1 0 |a Γλυκό πουλί της νιότης :   |b τρεις πράξεις, πέντε εικόνες /  |c Τεννεσή Ουϊλλιαμς ; απόδοση: Μάριου Πλωρίτη.  
260 |a Αθήνα :   |b Δωδώνη,   |c 1990. 
300 |a 117 σ. ;   |c 22 εκ.  
490 1 |a (Παγκόσμιο θέατρο / Εκδόσεις Δωδώνη ;   |v 107) 
500 |a Τίτλος πρωτοτύπου: Sweet bird of youth.  
650 0 |a English drama. 
700 1 |a Πλωρίτης, Μάριος,   |d 1919-2006,  |e trl 
830 0 |a Παγκόσμιο θέατρο (Εκδόσεις Δωδώνη)  |v 107 
852 |a INST  |b RHODES  |e 19980605  |h 812.54 WIL  |p 005400006353  |q 005400006353  |t BK  |y 0 
901 |a BIBL-1998-2 
922 |a 4ΕΛΗ  |b 199802  |c ΚΠΣ/Ν  |d EMVASIS